| 000 | 00424nam a2200145Ia 4500 | ||
|---|---|---|---|
| 008 | 151021s9999 xx 000 0 und d | ||
| 020 | _a130979929 | ||
| 050 | _aRC 440 .E82 2003 | ||
| 245 | _a_Mental Health Nursing (5th ed.) Karen Lee Fontaine | ||
| 260 | _aNew Jersey pearson Education 2003 | ||
| 300 | _axx,727p,;ill | ||
| 500 | _aIncludes index | ||
| 650 | _a_Mental Disorder | ||
| 980 | _a^d20110711 11:28:50^oanne | ||
| 999 |
_c7711 _d7711 |
||